00298nam a2200121Ia 4500008004100000020001800041041000800059082002200067100001500089245002600104260003700130300000900167230411s9999 xx 000 0 und d a81-8448-446-2 aeng aPY/150/SRE/B08139 aSreevani R aPsychology for Nurses bJaypee BrothersaNew Delhic2009 a324p